00531nam a2200133Ia 4500008004100000100002500041245009100066245010400157260005300261260000900314300001200323650001500335856004700350170221s9999 xx 000 0 und d aAzamudin Badri-Harun aFactors Influencing Students of Technology-Based Universities to Become Entrepreneurs  cAzamudin Badri-Harun, Kamarul Ariffin Mansor, Zullina Hussain Shaari, Md Radzi Zainol, Amzairi Amar bInternational Review of Management and Marketing c2016 a15 : 19 xMarketing. uhttp://www.econjournals.com/index.php/irmm